[Event "Reykjavik op"]
[Site "Reykjavik"]
[Date "2019.04.08"]
[Round "1"]
[White "Sikkel, Dirk"]
[Black "Davidsson, Stefan Orri"]
[Result "1-0"]
[WhiteElo "1914"]
[BlackElo "1555"]
[PlyCount "65"]
[EventDate "2019.04.08"]
[EventType "swiss"]
[EventRounds "9"]
[EventCountry "ISL"]
[SourceTitle "CBM 189 Extra"]
[Source "ChessBase"]
[SourceDate "2019.06.03"]
[SourceVersion "1"]
[SourceVersionDate "2019.06.03"]
[SourceQuality "1"]

1. e4 c5 2. Nf3 d6 3. Bb5+ Bd7 4. Bxd7+ Nxd7 5. 0-0 Ngf6 6. Re1 e6 7. b3 Be7 8. Bb2 0-0 9. c4 a6 10. d4 cxd4 11. Nxd4 Qc7 12. Nc3 Rfd8 13. Qe2 Ne5 14. Rad1 Nc6 15. Nc2 h6 16. Ne3 Nd7 17. Qg4 Bf6 18. Ned5 exd5 19. Nxd5 Nce5 20. Bxe5 Nxe5 21. Qg3 Qa5 22. Nxf6+ Kh8 23. Nh5 g6 24. Nf6 Kg7 25. Nd5 Qxa2 26. Qc3 Qa3 27. f4 f6 28. fxe5 fxe5 29. Ra1 Qc5+ 30. Qe3 b5 31. Qxc5 dxc5 32. Red1 b4 33. Ra5 1-0

[Event "Reykjavik op"]
[Site "Reykjavik"]
[Date "2018.03.13"]
[Round "8"]
[White "Davidsson, Stefan Orri"]
[Black "Shaw, Robin A"]
[Result "0-1"]
[WhiteElo "1365"]
[BlackElo "1770"]
[PlyCount "46"]
[EventDate "2018.03.06"]
[EventType "swiss"]
[EventRounds "9"]
[EventCountry "ISL"]
[SourceTitle "CBM 183 Extra"]
[Source "ChessBase"]
[SourceDate "2018.04.19"]
[SourceVersion "1"]
[SourceVersionDate "2018.04.19"]
[SourceQuality "1"]

1. e4 g6 2. d4 Bg7 3. Nf3 d6 4. Nc3 a6 5. h3 b5 6. a3 Bb7 7. Bf4 Nd7 8. Bd3 c5 9. dxc5 Nxc5 10. Qe2 Rc8 11. Bd2 Nf6 12. 0-0 0-0 13. Rfe1 Nfd7 14. Rac1 Re8 15. Bf4 Ne6 16. Bd2 Nec5 17. Bf4 Ne6 18. Bd2 Ndc5 19. Rb1 Nd4 20. Nxd4 Bxd4 21. Kh1 e6 22. f4 Qh4 23. e5 Qxh3# 0-1

[Event "Reykjavik Congress"]
[Site "Reykjavik"]
[Date "2018.01.10"]
[Round "1"]
[White "Valdimarsson, Einar"]
[Black "Davidsson, Stefan Orri"]
[Result "1-0"]
[WhiteElo "2023"]
[BlackElo "1280"]
[PlyCount "35"]
[EventDate "2018.01.10"]
[EventType "swiss"]
[EventRounds "9"]
[EventCountry "ISL"]
[SourceTitle "CBM 182 Extra"]
[Source "ChessBase"]
[SourceDate "2018.02.23"]
[SourceVersion "1"]
[SourceVersionDate "2018.02.23"]
[SourceQuality "1"]

1. d4 Nf6 2. Bg5 e6 3. e4 Be7 4. Bxf6 Bxf6 5. e5 Be7 6. Qg4 0-0 7. Nc3 c5 8. dxc5 Bxc5 9. Ne4 Be7 10. 0-0-0 Qa5 11. Nf6+ Kh8 12. Nxh7 Kxh7 13. Nf3 Qxa2 14. Qh5+ Kg8 15. Bd3 g6 16. Bxg6 fxg6 17. Qxg6+ Kh8 18. Rd4 1-0

[Event "Reykjavik TR U2000 op"]
[Site "Reykjavik"]
[Date "2017.10.11"]
[Round "1"]
[White "Davidsson, Stefan Orri"]
[Black "Magnusdottir, Veronika Steinunn"]
[Result "0-1"]
[WhiteElo "1405"]
[BlackElo "1770"]
[PlyCount "78"]
[EventDate "2017.10.11"]
[EventType "swiss"]
[EventRounds "7"]
[EventCountry "ISL"]
[SourceTitle "CBM 181 Extra"]
[Source "ChessBase"]
[SourceDate "2017.12.12"]
[SourceVersion "1"]
[SourceVersionDate "2017.12.12"]
[SourceQuality "1"]

1. e4 c5 2. Nf3 e6 3. d4 cxd4 4. Nxd4 a6 5. Nc3 Qc7 6. Be2 Nf6 7. Be3 Bb4 8. Qd3 d5 9. exd5 Nxd5 10. Bd2 Nxc3 11. bxc3 Bd6 12. h3 0-0 13. 0-0 Nd7 14. Nb3 Ne5 15. Qe3 b5 16. Kh1 Bb7 17. f4 Ng6 18. Bd3 Qc6 19. Rf2 Bc7 20. Nd4 Qd5 21. Qe2 Rac8 22. Be3 Ba5 23. f5 exf5 24. Rxf5 Qd8 25. Bg5 Qc7 26. Raf1 Bxc3 27. Nb3 Bb4 28. Bf4 Nxf4 29. R5xf4 Be7 30. Nd4 g6 31. Qf2 Bd6 32. Rf6 Qd7 33. Rxd6 Qxd6 34. Nb3 Rce8 35. Nc5 Ba8 36. Rd1 Qc6 37. Rd2 Re5 38. Nb3 Rfe8 39. Be2 Qxg2+ 0-1

[Event "Reykjavik op"]
[Site "Reykjavik"]
[Date "2017.04.19"]
[Round "1"]
[White "Davidsson, Stefan Orri"]
[Black "Barillaro, Luca"]
[Result "0-1"]
[WhiteElo "1490"]
[BlackElo "2164"]
[PlyCount "154"]
[EventDate "2017.04.19"]
[EventType "swiss"]
[EventRounds "10"]
[EventCountry "ISL"]
[SourceTitle "CBM 178 Extra"]
[Source "ChessBase"]
[SourceDate "2017.06.22"]
[SourceVersion "1"]
[SourceVersionDate "2017.06.22"]
[SourceQuality "1"]

1. e4 c5 2. c3 Nf6 3. e5 Nd5 4. d4 e6 5. Nf3 cxd4 6. cxd4 d6 7. Bc4 Nb6 8. Bb5+ Bd7 9. Bxd7+ Qxd7 10. 0-0 Be7 11. Nc3 0-0 12. Qc2 Nc6 13. Bf4 Nb4 14. Qe2 N4d5 15. Nxd5 Nxd5 16. Bd2 Rac8 17. Rac1 a6 18. Qd3 h6 19. a3 Rxc1 20. Rxc1 Rc8 21. Rc2 Rc7 22. Ne1 dxe5 23. dxe5 Qc8 24. f4 Bc5+ 25. Kf1 Bb6 26. Ke2 Qd8 27. g3 Rd7 28. Qb3 Ba7 29. Nf3 b5 30. Rc6 Nb6 31. Ba5 Qb8 32. Bxb6 Bxb6 33. Qc2 Rc7 34. Rxc7 Qxc7 35. Qxc7 Bxc7 36. b3 Kf8 37. Nh4 Ke7 38. Ng2 Kd7 39. Kd3 Kc6 40. g4 a5 41. h3 Bb6 42. Ke4 Bc5 43. a4 bxa4 44. bxa4 Bf2 45. f5 Bg3 46. fxe6 fxe6 47. Kd4 Bf2+ 48. Kc4 g5 49. Kd3 Kd5 50. Ke2 Bc5 51. Ne1 Kxe5 52. Nd3+ Kd5 53. Kd2 e5 54. Nc1 Kc4 55. Ke2 e4 56. Kd2 Kb4 57. Ne2 e3+ 58. Kd3 Kxa4 59. Kc4 Bb4 60. Kd3 Bd2 61. Kc2 Kb4 62. Kb2 Kc4 63. Kc2 a4 64. Ng3 a3 65. Ne2 a2 66. Kb2 Kd3 67. Ng3 e2 68. Nxe2 Kxe2 69. Kxa2 Kf3 70. Kb2 Kg3 71. Kc2 Bf4 72. h4 Kxg4 73. Kd1 Kxh4 74. Ke2 Kg3 75. Kf1 Be3 76. Ke2 Ba7 77. Kf1 h5 0-1

[Event "Nordic-ch U11"]
[Site "Drammen"]
[Date "2017.02.19"]
[Round "5"]
[White "Davidsson, Stefan Orri"]
[Black "Sinitsyn, Anton"]
[Result "1-0"]
[WhiteElo "1562"]
[BlackElo "1488"]
[PlyCount "125"]
[EventDate "2017.02.17"]
[EventType "swiss"]
[EventRounds "6"]
[EventCountry "NOR"]
[SourceTitle "CBM 177 Extra"]
[Source "ChessBase"]
[SourceDate "2017.04.27"]
[SourceVersion "1"]
[SourceVersionDate "2017.04.27"]
[SourceQuality "1"]

1. e4 e5 2. Nf3 Nc6 3. d4 exd4 4. Nxd4 Bc5 5. Be3 Qf6 6. c3 Nge7 7. Bc4 d6 8. 0-0 Ne5 9. Bb3 0-0 10. Qd2 Qg6 11. f3 Kh8 12. Kh1 Bb6 13. Na3 f5 14. Bg5 N7c6 15. exf5 Bxf5 16. Nxf5 Rxf5 17. f4 Nf7 18. Bc2 Nxg5 19. Bxf5 Qxf5 20. fxg5 Qd7 21. Qf4 Kg8 22. Qf5 Qxf5 23. Rxf5 Re8 24. Raf1 Ne5 25. Re1 Rd8 26. Re2 a6 27. g3 Ng4 28. Nc4 Bc5 29. h3 Ne5 30. Nxe5 dxe5 31. Rfxe5 Bd6 32. Re8+ Rxe8 33. Rxe8+ Kf7 34. Re3 Kg6 35. h4 Kf5 36. Kg2 Kg4 37. Re4+ Kf5 38. Rd4 Ke5 39. Kf3 Kf5 40. Re4 b6 41. Re8 a5 42. Rh8 Kg6 43. Kg4 h6 44. h5+ Kf7 45. gxh6 gxh6 46. Rxh6 Kg7 47. Rg6+ Kh7 48. Rxd6 cxd6 49. Kg5 b5 50. Kf6 Kh6 51. g4 b4 52. g5+ Kxh5 53. g6 bxc3 54. bxc3 Kg4 55. g7 Kf4 56. g8Q Ke4 57. Qc4+ Ke3 58. Qd4+ Ke2 59. Kf5 a4 60. Kf4 a3 61. Qxd6 Ke1 62. Kf3 Kf1 63. Qd1# 1-0

[Event "Nordic-ch U11"]
[Site "Drammen"]
[Date "2017.02.18"]
[Round "3"]
[White "Davidsson, Stefan Orri"]
[Black "Sorensen, Marius Boss"]
[Result "0-1"]
[WhiteElo "1562"]
[BlackElo "1409"]
[PlyCount "138"]
[EventDate "2017.02.17"]
[EventType "swiss"]
[EventRounds "6"]
[EventCountry "NOR"]
[SourceTitle "CBM 177 Extra"]
[Source "ChessBase"]
[SourceDate "2017.04.27"]
[SourceVersion "1"]
[SourceVersionDate "2017.04.27"]
[SourceQuality "1"]

1. e4 c5 2. c3 d5 3. exd5 Qxd5 4. d4 Nc6 5. Nf3 Nf6 6. Na3 e6 7. Be3 cxd4 8. Nb5 Qd8 9. Nfxd4 Nd5 10. Bc4 Nxe3 11. fxe3 Nxd4 12. Qxd4 Qxd4 13. exd4 Kd8 14. 0-0 a6 15. Na3 b5 16. Bd3 Bxa3 17. bxa3 Ke7 18. Be4 Ra7 19. d5 Rc7 20. Rad1 Rxc3 21. d6+ Ke8 22. Rd2 Bd7 23. Rf3 Rxf3 24. Bxf3 f5 25. Rc2 Kf7 26. Rc7 Rd8 27. Ra7 Kf6 28. Rxa6 Ke5 29. Be2 Be8 30. Ra7 Rxd6 31. Rxg7 Rd2 32. Kf1 Rxa2 33. Rg3 Ra1+ 34. Kf2 Ra2 35. Kf1 Kf6 36. Rb3 Bc6 37. Rc3 Bxg2+ 38. Ke1 Rb2 39. Rc5 Rb3 40. Rxb5 Rxa3 41. Kf2 Be4 42. Rb8 Ra8 43. Rb3 Rg8 44. Bf1 Rg6 45. Rh3 h6 46. Rh5 Kg7 47. Bc4 e5 48. Bf1 Rg5 49. Rh3 f4 50. Ra3 Rg6 51. Ra5 Kf6 52. Ra6+ Kf5 53. Bh3+ Kg5 54. Ra5 Kf6 55. Ra6+ Kf7 56. Ra7+ Kf8 57. Ra4 Bd3 58. Rb4 e4 59. Rb8+ Ke7 60. Ra8 e3+ 61. Kf3 Ra6 62. Rb8 e2 63. Bd7 Kxd7 64. Kf2 Ra1 65. Rb7+ Kd6 66. Rb6+ Kd5 67. h4 e1Q+ 68. Kg2 Qe2+ 69. Kh3 Rh1# 0-1

[Event "Reykjavik op"]
[Site "Reykjavik"]
[Date "2016.03.13"]
[Round "7"]
[White "Kristofersson, Sindri Snaer"]
[Black "Davidsson, Stefan Orri"]
[Result "1/2-1/2"]
[WhiteElo "1212"]
[BlackElo "1244"]
[PlyCount "119"]
[EventDate "2016.03.08"]
[EventType "swiss"]
[EventRounds "10"]
[EventCountry "ISL"]
[SourceTitle "CBM 171 Extra"]
[Source "ChessBase"]
[SourceDate "2016.04.26"]
[SourceVersion "1"]
[SourceVersionDate "2016.04.26"]
[SourceQuality "1"]

1. d4 Nf6 2. c4 e6 3. Nc3 Bb4 4. Bg5 h6 5. Bh4 d5 6. e3 0-0 7. Nf3 g5 8. Bg3 Ne4 9. Qc2 Nc6 10. Bd3 Bxc3+ 11. bxc3 f5 12. h3 b6 13. 0-0 Qe7 14. Bh2 Bb7 15. Rfe1 Rac8 16. Nd2 Qa3 17. Bxe4 dxe4 18. Qb3 Qe7 19. c5 Rfe8 20. c4 Ba8 21. cxb6 cxb6 22. d5 Na5 23. Qa4 exd5 24. cxd5 Bxd5 25. Qb5 Rc5 26. Qb2 Rec8 27. Qd4 Qe6 28. Qa4 Rc2 29. Nb3 Bxb3 30. axb3 Nxb3 31. Rad1 Na5 32. Rd4 Rc1 33. Rd8+ Kf7 34. Rd7+ Kg6 35. Red1 Rxd1+ 36. Rxd1 Rc4 37. Qa3 Rc6 38. Bb8 Qb3 39. Rd6+ Rxd6 40. Qxd6+ Kg7 41. Bxa7 Nb7 42. Qc7+ Qf7 43. Qxf7+ Kxf7 44. Bxb6 Ke6 45. Kf1 f4 46. exf4 gxf4 47. g4 fxg3 48. fxg3 Nd6 49. g4 Nc4 50. Bc5 Kf6 51. h4 Kg6 52. Ke2 Ne5 53. Ke3 Nxg4+ 54. Kxe4 Nf6+ 55. Kf4 h5 56. Bd4 Nd5+ 57. Ke4 Ne7 58. Be3 Nf5 59. Bf2 Nxh4 60. Bxh4 1/2-1/2

[Event "Reykjavik op"]
[Site "Reykjavik"]
[Date "2016.03.12"]
[Round "6"]
[White "Davidsson, Stefan Orri"]
[Black "Norlander, Svante"]
[Result "0-1"]
[WhiteElo "1244"]
[BlackElo "1649"]
[PlyCount "46"]
[EventDate "2016.03.08"]
[EventType "swiss"]
[EventRounds "10"]
[EventCountry "ISL"]
[SourceTitle "CBM 171 Extra"]
[Source "ChessBase"]
[SourceDate "2016.04.26"]
[SourceVersion "1"]
[SourceVersionDate "2016.04.26"]
[SourceQuality "1"]

1. e4 c5 2. c3 Nf6 3. e5 Nd5 4. d4 e6 5. c4 Nb6 6. d5 d6 7. dxe6 Bxe6 8. exd6 Bxd6 9. Be3 0-0 10. Nd2 Nc6 11. Ngf3 Bf5 12. Ng5 Be5 13. Bxc5 Qxg5 14. Bxf8 Rxf8 15. Nf3 Qf6 16. Nxe5 Nxe5 17. b3 Ng4 18. Be2 Rd8 19. Qc1 Bd3 20. Bxg4 Qe5+ 21. Qe3 Qxa1+ 22. Bd1 Qc3+ 23. Qd2 Re8+ 0-1

[Event "Reykjavik op"]
[Site "Reykjavik"]
[Date "2016.03.10"]
[Round "4"]
[White "Finnsson, Johann Arnar"]
[Black "Davidsson, Stefan Orri"]
[Result "1-0"]
[WhiteElo "1664"]
[BlackElo "1244"]
[PlyCount "63"]
[EventDate "2016.03.08"]
[EventType "swiss"]
[EventRounds "10"]
[EventCountry "ISL"]
[SourceTitle "CBM 171 Extra"]
[Source "ChessBase"]
[SourceDate "2016.04.26"]
[SourceVersion "1"]
[SourceVersionDate "2016.04.26"]
[SourceQuality "1"]

1. e4 c5 2. Nc3 d6 3. g3 e6 4. Bg2 Nf6 5. d3 a6 6. Nge2 Qc7 7. 0-0 Nbd7 8. f4 e5 9. f5 b5 10. a3 Bb7 11. h3 Be7 12. g4 Nb6 13. Ng3 h6 14. Be3 0-0-0 15. Qd2 Kb8 16. Qf2 Nfd7 17. Rad1 Bh4 18. Qf3 Bxg3 19. Qxg3 f6 20. h4 Rdg8 21. Ne2 Nc8 22. c3 Ne7 23. d4 c4 24. h5 Rd8 25. Qf2 Rhe8 26. Kh2 Nf8 27. dxe5 dxe5 28. Bb6 Qc8 29. Bxd8 Rxd8 30. Qb6 Nd7 31. Qd6+ Ka8 32. Qxe7 1-0

[Event "Reykjavik op"]
[Site "Reykjavik"]
[Date "2015.03.17"]
[Round "9"]
[White "Davidsson, Stefan Orri"]
[Black "Thoroddsen, Arni"]
[Result "0-1"]
[WhiteElo "1038"]
[BlackElo "1611"]
[PlyCount "52"]
[EventDate "2015.03.10"]
[EventType "swiss"]
[EventRounds "10"]
[EventCountry "ISL"]
[SourceTitle "CBM 165 Extra"]
[Source "ChessBase"]
[SourceDate "2015.04.21"]
[SourceVersion "1"]
[SourceVersionDate "2015.04.21"]
[SourceQuality "1"]

1. e4 e6 2. d4 c5 3. c3 Qa5 4. Nf3 cxd4 5. Nxd4 Nf6 6. Bd3 Nc6 7. 0-0 Bd6 8. f4 Bc5 9. Be3 Qb6 10. Qb3 Ng4 11. Qxb6 Bxb6 12. Bc1 Nxd4 13. cxd4 Bxd4+ 14. Kh1 Nf2+ 15. Rxf2 Bxf2 16. Bd2 0-0 17. Bb4 Rd8 18. Nc3 d6 19. Rf1 Bc5 20. Bxc5 dxc5 21. Bb5 Bd7 22. Bc4 Bc6 23. Re1 a6 24. Kg1 Rd2 25. b3 b5 26. Bf1 Rad8 0-1

[Event "Reykjavik op"]
[Site "Reykjavik"]
[Date "2015.03.14"]
[Round "6"]
[White "Heidarsson, Arnar Milutin"]
[Black "Davidsson, Stefan Orri"]
[Result "0-1"]
[WhiteElo "1119"]
[BlackElo "1038"]
[PlyCount "76"]
[EventDate "2015.03.10"]
[EventType "swiss"]
[EventRounds "10"]
[EventCountry "ISL"]
[SourceTitle "CBM 165 Extra"]
[Source "ChessBase"]
[SourceDate "2015.04.21"]
[SourceVersion "1"]
[SourceVersionDate "2015.04.21"]
[SourceQuality "1"]

1. e4 e5 2. Nf3 Nc6 3. Bc4 Nf6 4. Nc3 Bc5 5. h3 d6 6. d3 h6 7. 0-0 Na5 8. b3 Nxc4 9. dxc4 0-0 10. Na4 Nxe4 11. Qe2 Ng3 12. Qd1 Nxf1 13. Qxf1 e4 14. Ne1 Bd4 15. c3 Bf6 16. Ba3 Bd7 17. Rc1 Bxa4 18. bxa4 Bg5 19. Rb1 b6 20. Nc2 Qf6 21. Bb2 c6 22. Rd1 Rad8 23. Nb4 Rc8 24. Qe2 a5 25. Nc2 Rfe8 26. Rd4 Qe6 27. Rd1 Rcd8 28. Nd4 Qd7 29. g4 Bf6 30. Bc1 Bxd4 31. cxd4 h5 32. Kh2 hxg4 33. Qxg4 Qxg4 34. hxg4 d5 35. cxd5 cxd5 36. Bb2 Rc8 37. Rc1 Rxc1 38. Bxc1 Rc8 0-1